000 00666nam a2200289Ia 4500
005 20260324144714.0
008 008 260324s9999 xx 000 0 eng d
020 _a9780429046926
037 _aEBOOK
040 _aCRL
040 _beng
040 _cCRL
041 _2eng
041 _aeng
084 _qCRL
100 _aFranz Michael
_91216813
245 0 _aChina Through The Ages
245 0 _bHistory Of A Civilization
260 _bTaylor and Francis
260 _c1986
365 _a
365 _b230
856 _uhttp://www.taylorfrancis.com/books/9780429046926
942 _cEBOOK
999 _c1827255
_d1827255